| 000 | 00435nam a2200169Ia 4500 | ||
|---|---|---|---|
| 005 | 20250507125826.0 | ||
| 008 | 008 250505s9999 xx 000 0 eng d | ||
| 037 | _aBound Volumes | ||
| 040 |
_aEASL _beng _cEASL |
||
| 041 |
_aeng _2eng |
||
| 084 | _qEASL | ||
| 245 | 0 | _aIndian Social Science Review | |
| 260 |
_aUK _bLondon Sage Publication England _c0000 |
||
| 490 | _v3 | ||
| 942 | _cCR | ||
| 999 |
_c1313568 _d1313568 |
||